| 000 | 00387nam a2200133Ia 4500 | ||
|---|---|---|---|
| 005 | 20260326235439.0 | ||
| 008 | 260326s9999||||xx |||||||||||||| ||und|| | ||
| 100 | _aSmith W., Alan | ||
| 245 | 0 |
_aMecanismo operativo para la institucionalización del ordenamiento territorial en Panamá / _cAlan Smith W. |
|
| 260 | _bImpremar | ||
| 300 | _a102 p. | ||
| 650 | _aLATINOAMÉRICA | ||
| 942 | _cBK | ||
| 999 |
_c7326 _d7326 |
||